Deutsche Geografie mit Hinweisen - Statistiken

Allgemein
  • Dieses Quiz wurde 77 mal gespielt
  • Das Durchschnittsergebnis liegt bei 6 aus 12
Antwortstatistiken
Hint Antwort % Korrekt
In welchem deutschen Mittelgebirge befindet sich der Brocken (1141 m), der Sage nach treffen sich dort die Hexen in der Walpurgisnacht. Harz
87%
In welcher Stadt im Osten Deutschlands befindet sich die Gaststätte"Auerbachs Keller", berühmt durch eine Szene in Goethes Faust? Leipzig
76%
Wo Werra sich und Fulda küssen, sie ihren Namen büßen müssen.Und hier entsteht durch diesen Kuss deutsch bis zum
Meer der ... Fluss. Wie heißt er?
Weser
75%
Wenn man auf der A73 (Frankenschnellweg) fährt, kommt zuerst Erlangen und am Ende Nürnberg. Welcher Ort liegt dazwischen und gehört zur Metropolregion Nürnberg? Fürth
74%
2 deutsche Landeshauptstädte, die so nah bei einander liegen, dassderen Stadtgebiete ineinander übergehen, getrennt durch den Rhein. MainzWiesbaden
63%
Auf welcher ostfriesischen Insel befindet sich der nordwestlichste PunktDeutschlands Borkum
50%
See im Norden Deutschlands, an dem ein traumhaft schönes Schloss steht,welches gleichzeitig Sitz der dortigen Landesregierung ist? Schweriner See
50%
In welcher Stadt findet alle 5 Jahre die documenta, die weltweit bedeutendste Ausstellung für zeitgenössische Kunst statt. Kassel
47%
Fächerstadt im Süden Deutschlands, auf deren Marktplatz eine Pyramidesteht, das Grabmal des Stadtgründers? Karlsruhe
43%
In welchem deutschen Mittelgebirge befindet sich die Wartburg, in der Martin Luther mit einem Tintenfass nach dem Teufel geworfen hat? Thüringer Wald
37%
In welcher Stadt steht eines der letzten Werke von Friedensreich Hundertwasser"Die grüne Zitadelle"? Magdeburg
28%
Von welchem Ort am Rhein schaut man genau auf die Lorelei am gegenüber-liegendem Rheinufer St. Goar
15%
Keine übereinstimmenden Quizze gefunden
Verteilung der Resultate
Anzahl Personen mit jedem Resultat
Perzentil nach korrekt beantworteten Fragen
Ihre Resultats-Entwicklung
Sie haben dieses Quiz noch nicht gespielt